000 00616nas a22001931c 4500
001 zs0114
008 161122m1.19 gw |||| 000u ger d
022 _a0044-3301*
245 0 0 _aZeitschrift für philosophische Forschung
264 _aFrankfurt :
_bKlostermann,
_c1.1947-
500 _anicht frei zugänglich. Zugriff nur im DHI-Lesesaal
650 0 _aPhilosophie
856 4 _uhttp://www.digizeitschriften.de/dms/toc/?PID=PPN511864582
856 4 _uhttp://www.jstor.org/journal/zeitphilfors
942 _cCR
910 0 0 _a1.1947-nicht die letzten 7 Jahrgänge
040 _cRU-10907106
003 RU-10907106
999 _c32840
_d32840